000 00472nam a2200169 i 4500
001 23762
003 ES-MaACL
005 20230906152930.0
007 t|
008 021212s1968 sp ||||1| spa d
100 1 _aAmetller Portella, Juan.
_921213
245 1 3 _aLa suegra /
_cJuan Ametller Portella.
250 _a2ª ed.
260 _a[S.l. :
_bs.n.,
_cs.a] (
_e[Madrid :
_fGráf. Iberus,
_g1968])
300 _a56 h. ;
_c17 cm.
852 _aES-MaACL
_jC-36654
_bR.68213
999 _c23762
_d23762